000
00309nam a22001217a 4500
008
140514t xxu||||| |||| 00| 0 eng d
020
_a
0-471-97340-8
100
_a
Arie J. Zuckerman
_9
842
245
_a
Principles and Practice of Clinical Virology
250
_a
Fourth Edition
300
_a
776
942
_2
ddc
_c
BK
999
_c
17085
_d
17085